| 000 | 00991nam a2200313 i 4500 | ||
|---|---|---|---|
| 001 | 000042571 | ||
| 003 | DO-SdBNP | ||
| 005 | 20241025111955.0 | ||
| 007 | ta | ||
| 008 | 140128s2008 dr 000 0 spa d | ||
| 020 | _a9789945427486 | ||
| 040 |
_aDO-SdBNP _bspa _cBNPHU _erda |
||
| 041 | _aspa | ||
| 082 | 4 |
_aRD863.44 _bF825a _222 |
|
| 100 | 1 |
_aFranco, Federico _d1957- _eautor _4aut. _969819 |
|
| 245 | 1 | 0 |
_aAhora o nunca ... / _cFederico Franco. |
| 250 | _aPrimera edición | ||
| 264 | 1 |
_aSanto Domingo : _bMediabyte, _c2008. |
|
| 300 |
_a283 páginas ; _c22 cm. |
||
| 336 |
_atexto _btxt _2rdacontent |
||
| 337 |
_asin mediación _bn _2rdamedia |
||
| 338 |
_avolumen _bnc _2rdacarrier |
||
| 500 | _aIncluye datos biográficos del autor en las solapas | ||
| 590 | _aLa biblioteca posee 3 ejemplares autografiados por el autor. | ||
| 650 | 7 |
_aNovela dominicana _2LEMB _9223 |
|
| 650 | 7 | _aLiteratura dominicana | |
| 910 | _aValidado. Control de calidad MFF | ||
| 942 |
_2ddc _cLBS1 |
||
| 999 |
_c42060 _d42060 |
||